Veterinární farmakologie pro farmaceuty

Bibliographic Details
Main Authors: Ševčík, Bohumil (Author), Lamka, Jiří, 1953- (Author)
Format: Book
Language:Czech
PhysicalDescription:95, [1] s. 29 cm
Published: Praha Karolinum 1991
ISBN:8070664908
Edition:2., přeprac. vyd.

MARC

LEADER 00000nam a2200000 a 4500
001 vtls001132396
003 SK-MaSNL
005 20260301111734.0
008 250414s1991 CS 0 cze
020 |a 8070664908 
035 |a SNK000075248 
040 |a SNK  |b slo  |c SNK  |e AACR2 
041 0 |a cze 
044 |a [CS] 
080 |a 615:619(075.8)  |2 1981 
080 |a 619(075.8)  |2 1981 
100 1 |a Ševčík, Bohumil  |4 aut  |9 451391 
245 1 0 |a Veterinární farmakologie pro farmaceuty  |c Bohumil Ševčík, Jiří Lamka 
250 |a 2., přeprac. vyd. 
260 |a Praha  |b Karolinum  |c 1991 
300 |a 95, [1] s.  |c 29 cm 
700 1 |a Lamka, Jiří,  |d 1953-  |4 aut  |9 234708 
852 |a Slovenská národná knižnica 
919 |a 80-7066-490-8 
954 |a farmakológia veterinárna 
999 |c 708178  |d 710108 
952 |t P60, <04>, [BOOK], {604}  |a SNK  |b SNK  |y VYP  |7 0  |p 17A0145841  |o snkIB 67157  |0 0  |1 0  |4 0  |d 1998-06-29  |l 0  |r 2005-01-01 00:00:00  |w 2026-02-23